2M Cities With Two Words - Statistics

General Stats
  • This quiz has been taken 209 times
  • The average score is 17 of 30
Answer Stats
Answer % Correct
Los Angeles
89%
New York
89%
San Francisco
84%
Mexico City
82%
Buenos Aires
78%
São Paulo
78%
San Diego
74%
St Petersburg
73%
Rio de Janeiro
72%
Cape Town
65%
Kuala Lumpur
65%
Guatemala City
62%
San Antonio
62%
Santo Domingo
62%
Abu Dhabi
61%
Addis Ababa
57%
Port-au-Prince
53%
Hong Kong
52%
Las Vegas
50%
Belo Horizonte
45%
Ho Chi Minh City
45%
San Juan
44%
Kuwait City
42%
St Louis
42%
Dar es Salaam
41%
Kansas City
35%
Tel Aviv
33%
Porto Alegre
32%
Salt Lake City
23%
Port Harcourt
9%
No matching quizzes found
Score Distribution
Percent of People with Each Score
Percentile by Number Answered
Your Score History
You have not taken this quiz